Who Gains More Power in the EU after Brexit?

Dôsledky Brexitu na aplikáciu európskych procedúr, t. j. na výsledky rôznych scenárov hlasovania v Rade Európskej únie. Analýza rozdelenia moci v rámci Európskej únie z pohľadu jednotlivých členských štátov, ako aj potenciálnych koalícií. Prognózy pre roky 2030 a 2060 na základe demografických progn...

Description complète

Enregistré dans:
Détails bibliographiques
Auteur principal: Szczypińska, Agnieszka
Format: Chapitre de livre
Langue:anglais
Sujets:
Tags: Ajouter un tag
Pas de tags, Soyez le premier à ajouter un tag!

MARC

LEADER 00000nla a2200000 4500
001 0242200
005 20240417075136.3
041 0 |a eng 
044 |a CZ 
245 1 0 |a Who Gains More Power in the EU after Brexit?  |c Agnieszka Szczypińska 
520 |a Dôsledky Brexitu na aplikáciu európskych procedúr, t. j. na výsledky rôznych scenárov hlasovania v Rade Európskej únie. Analýza rozdelenia moci v rámci Európskej únie z pohľadu jednotlivých členských štátov, ako aj potenciálnych koalícií. Prognózy pre roky 2030 a 2060 na základe demografických prognóz populácie. 
610 2 0 |a integrácia ekonomická 
610 2 0 |a integrácia ekonomická medzinárodná 
610 2 0 |a Európska únia 
610 2 0 |a politika 
610 2 0 |a Rada Európskej únie 
610 2 0 |a voľby 
610 2 0 |a demografia 
610 2 0 |a teória hier 
610 2 0 |a prognózy 
610 2 0 |a prognózy demografické 
610 2 0 |a Veľká Británia 
610 2 0 |a brexit 
100 1 |a Szczypińska, Agnieszka